000 00829nam a2200241 i 4500
001 37287
003 ES-MaACL
005 20250904081646.0
007 t|
008 030220s1982 sp d |||| | spa d
020 _a84-7130-366-3
080 _a336(02)
100 1 _aBuchanan, James M.
_932285
245 1 0 _aIntroducción a la ciencia de la hacienda pública /
_cJames M. Buchanan, Marilyn R. Flowers ; [traducido por Jesús Ruza Tardío y Fernando Castro].
260 _a[Madrid] :
_bEditoriales de Derecho Reunidas,
_c[1982]
300 _aXLVIII, 652 p. :
_bgráf. ;
_c22 cm.
650 7 _aHacienda pública
_2embne
_913279
700 1 _aFlowers, Marilyn R.
_951367
700 1 _aRuza, Jesús.
_9150928
700 1 _aCastro Polinio, Fernando
_9150502
852 _aES-MaACL
_jL-3387
999 _c37287
_d37287